000
00323nam a2200121Ia 4500
008
151213s9999 xx 000 0 und d
245
_a
Let us Sifting up 1-2-3 Tutorial Quick Stored and Sample Applications
260
_a
U S A
_b
Lotus
_c
1989
300
_a
3130 p.
650
_a
Computer
650
_a
Computer
999
_c
2155
_d
2155